书目信息 |
| 题名: |
室内与家具设计
|
|
| 作者: | 吴智慧 主编 | |
| 分册: | 家具设计 | |
| 出版信息: | 北京 中国林业出版社 2012.09 |
|
| 页数: | 217页 | |
| 开本: | 29cm | |
| 丛书名: | ||
| 单 册: | ||
| 中图分类: | TU238 , TS664.01 | |
| 科图分类: | ||
| 主题词: | 室内装饰设计--shi nei zhuang shi she ji--高等教育--教材 , 家具--jia ju--设计--高等教育--教材 , 室内装饰设计--shi nei zhuang shi she ji , 家具--jia ju | |
| 电子资源: | ||
| ISBN: | 978-7-5038-6684-5 | |
| 000 | 01210nam0 2200325 450 | |
| 001 | 0106081838 | |
| 005 | 20201109090327.76 | |
| 010 | @a978-7-5038-6684-5@dCNY32.00 | |
| 100 | @a20121212e20192012em y0chiy50 ea | |
| 101 | 0 | @achi |
| 102 | @aCN@b110000 | |
| 105 | @aa z 000yy | |
| 106 | @ar | |
| 200 | 1 | @a室内与家具设计@Ashi nei yu jia ju she ji@i家具设计@f吴智慧主编 |
| 205 | @a2版 | |
| 210 | @a北京@c中国林业出版社@d2012.09@h2019.12 | |
| 215 | @a217页@c图@d29cm | |
| 300 | @a普通高等教育“十五”国家级规划教材普通高等教育设计类专业“十二五”规划教材 | |
| 312 | @a封面英文题名:Interior and furniture design, furniture design | |
| 330 | @a本书面向室内和家具两个行业,主要内容以设计为主,兼顾技术与工艺两方面,系统介绍了家具设计涉及的艺术与技术理论与方法。 | |
| 510 | 1 | @aInterior and furniture design@ifurniture design@zeng |
| 606 | 0 | @a室内装饰设计@Ashi nei zhuang shi she ji@x高等教育@j教材 |
| 606 | 0 | @a家具@Ajia ju@x设计@x高等教育@j教材 |
| 606 | 0 | @a室内装饰设计@Ashi nei zhuang shi she ji |
| 606 | 0 | @a家具@Ajia ju |
| 690 | @aTU238@v5 | |
| 690 | @aTS664.01@v5 | |
| 701 | 0 | @a吴智慧@Awu zhi hui@4主编 |
| 801 | 0 | @aCN@bBJSZM@c20201106 |
| 905 | @b1192876-9@dTU238@e1665=2@f4 | |
| 室内与家具设计.家具设计/吴智慧主编.-2版.-北京:中国林业出版社,2012.09(2019.12) |
| 217页:图;29cm |
| 普通高等教育“十五”国家级规划教材普通高等教育设计类专业“十二五”规划教材 |
| ISBN 978-7-5038-6684-5:CNY32.00 |
| 本书面向室内和家具两个行业,主要内容以设计为主,兼顾技术与工艺两方面,系统介绍了家具设计涉及的艺术与技术理论与方法。 |
| ● |
| 相关链接 |
|
|
|
|
正题名:室内与家具设计
索取号:TU238/1665=2
 
预约/预借
| 序号 | 登录号 | 条形码 | 馆藏地/架位号 | 状态 | 备注 |
| 1 | 1192876 | 211928761 | 第二样本阅览室/ [索取号:TU238/1665=2] | 在馆 | |
| 2 | 1192877 | 211928770 | 第三借阅区/ [索取号:TU238/1665=2] | 在馆 | |
| 3 | 1192878 | 211928789 | 第三借阅区/ [索取号:TU238/1665=2] | 在馆 | |
| 4 | 1192879 | 211928798 | 第三借阅区/ [索取号:TU238/1665=2] | 在馆 |